00790nam a2200193 i 4500001000700000003000900007005001700016007000300033008004100036080001600077100003200093245014600125260008000271300003000351651005200381852002200433999001900455952012200474147510ES-MaACL20230906202040.0t|071001s1960 sp |||| | spa d a338.98(460)1 aUllastres, Alberto.911192510aDiscurso del Excmo. Sr. Ministro de Comercio Don Alberto Ullastres Calvo en relación con el plan de estabilización / cAlberto Ullastres. aHuelva : bCámara Oficial de Comercio, Industria y Navegación, c[1960] a244 p. : bil. ; c29 cm. 4aEspaña-xPolítica económica-yS.XX.984144 aES-MaACLjC-25575 c147510d147510 00104070aATENEOMbATENEOMcDEPO2d2008-01-17eSCl0oC-25575p1153938r2023-02-23 00:00:00w2023-02-23yMONOGRAFIA